Online Catalogue and eLibrary

Feminism is Relevant: (Record no. 1642)

MARC details
000 -LEADER
fixed length control field 00474nam a2200181Ia 4500
005 - DATE AND TIME OF LATEST TRANSACTION
control field 20250130055132.0
008 - FIXED-LENGTH DATA ELEMENTS--GENERAL INFORMATION
fixed length control field 240331s9999 xx 000 0 und d
082 ## - DDC Classification
Item Number - Author Mark FEM
DDC Edition Number 193
Class No. 305.4
100 ## - MAIN ENTRY--PERSONAL NAME
Personal name Feminist Study Circle
245 #0 - TITLE STATEMENT
Title Feminism is Relevant:
Remainder of title Part 1: History, Politics and Economics
260 ## - PUBLICATION, DISTRIBUTION, ETC.
Place of publication, distribution, etc. Colombo
Name of publisher, distributor, etc. Feminist Study Circle
300 ## - PHYSICAL DESCRIPTION
Extent (e.g. Volumes, Pages etc.) 22 p.,
650 ## - SUBJECT ADDED ENTRY--TOPICAL TERM
Topical term or geographic name entry element Feminism
650 ## - SUBJECT ADDED ENTRY--TOPICAL TERM
Topical term or geographic name entry element Economics
650 ## - SUBJECT ADDED ENTRY--TOPICAL TERM
Topical term or geographic name entry element History
650 ## - SUBJECT ADDED ENTRY--TOPICAL TERM
Topical term or geographic name entry element Employment
942 ## - Koha item type (Biblio)
Koha item type Books in Stacks (Lending)
Holdings
Lost status Damaged status Collection code Home library Current library Shelving location Date acquired Full call number Accession Number Item type
    Lending WERC Library WERC Library Social Science Cupboard 03/31/2024 305.4 FEM 193 Books in Stacks (Lending)

© WERC Library